| 000 | 01116nam a2200349 i 4500 | ||
|---|---|---|---|
| 001 | 000025362 | ||
| 003 | DO-SdBNP | ||
| 005 | 20230420111750.0 | ||
| 007 | ta | ||
| 008 | 110215t2007 dr a 001 0 spa d | ||
| 020 | _a9789945160956 | ||
| 040 |
_aDO-SdBNP _bspa _cBNPHU _erda |
||
| 082 | 4 |
_a771 _bP438t, 2007 _222 |
|
| 100 | 1 |
_aPérez, Faustino _91945 |
|
| 245 | 1 | 0 |
_aTeoría de la toma fotográfica / _cFaustino Pérez. |
| 250 | _a4a ed. | ||
| 264 |
_aSanto Domingo : _bBúho, _c2007. |
||
| 300 |
_a116 páginas : _bilstraciones ; _c14 cm. |
||
| 336 |
_2rdacontent _atexto _btxt |
||
| 337 |
_2rdamedia _asin mediación _bn |
||
| 338 |
_2rdacarrier _avolumen _bnc |
||
| 500 | _aIncluye notas al pie de páginas. | ||
| 504 | _aBibliografía : p. 92-95. | ||
| 590 | _aInventariado, 2018/LP | ||
| 650 | 4 |
_aFotografía _xManuales _941625 |
|
| 650 | 4 |
_aFotografía _xEquipo electrónico _951937 |
|
| 650 | 4 |
_aCámaras fotografícas _941626 |
|
| 650 | 4 |
_aFotografía _xEquipo y accesorios _941627 |
|
| 650 | 4 |
_aFotografía _xTécnicas _951938 |
|
| 910 | _aValidado. Control de calidad EMS. | ||
| 942 |
_2ddc _cLBS1 |
||
| 999 |
_c24854 _d24854 |
||